000 00859nam a2200253Ia 4500
003 OSt
005 20220923212718.0
006 a|||||r|||| 00| 0
007 ta
008 220922b |||||||| |||| 00| 0 hin d
024 _a155,506
037 _cTextual
040 _aARTS
_cARTS
_bhin
041 _2hin
_ahin
082 _aO15,2:g, 152L7
100 _aवेत्स, हेनरी डब्ल्यू
245 0 _aभारत का प्राचीन नाटक
246 _aBhārat kā prāchīn nāṭaka
260 _aदिल्ली
_b मातीलाा बनारसीदास
_c1977
300 _a207 पृ.
_ccm.
650 _aसंस्कृत साहित्य
942 _hO15,2:g, 152L7
_cTEXL
_2CC
999 _c311012
_d311012